Statystyki dla Filmy z Jamesem Bondem

Kliknij tutaj aby rozwiązać quiz!

Ogólne statystyki

  • Ten quiz został rozwiązany 72 razy
  • Średni wynik to 15 z 25

Statystyki odpowiedzi

RokTytuł filmu% Poprawnych
1962Dr No
81%
2012Skyfall
81%
2006Casino Royale
78%
1995Goldeneye
76%
1983Ośmiorniczka
74%
1963Pozdrowienia z Rosji
74%
2015Spectre
74%
1964Goldfinger
72%
2021Nie czas umierać
69%
1974Człowiek ze złotym pistoletem
63%
1971Diamenty są wieczne
63%
1997Jutro nie umiera nigdy
63%
1979Moonraker
63%
1989Licencja na zabijanie
59%
1965Operacja Piorun
56%
1967Żyje się tylko dwa razy
56%
2002Śmierć nadejdzie jutro
54%
1977Szpieg, który mnie kochał
54%
1969W tajnej służbie Jej Królewskiej Mości
54%
1999Świat to za mało
50%
1973Żyj i pozwól umrzeć
50%
1981Tylko dla twoich oczu
46%
1985Zabójczy widok
46%
1987W obliczu śmierci
43%
2008Quantum of Solance
28%

Rozkład punktacji

Percentyl według liczby udzielonych odpowiedzi

Procent ludzi z każdym wynikiem

Twoja historia wyników

Nie rozwiązałeś tego quizu